| 000 | 00447nam a22001817a 4500 | ||
|---|---|---|---|
| 003 | MPLRDC | ||
| 005 | 20220104203724.0 | ||
| 008 | 210129b ||||| |||| 00| 0 eng d | ||
| 020 | _a978-962-14-6453-8 | ||
| 082 | _a999.6 CYY | ||
| 100 | _a蔡颖茵 | ||
| 245 |
_a粘土小兔环游世界 _c |
||
| 250 | _a一刷 | ||
| 260 |
_a香港 _b万里机构.得利书局 _c2017 |
||
| 300 | _b平 | ||
| 650 | _a泥土游玩 | ||
| 942 |
_cNB _o999.6 CYY |
||
| 999 |
_c68260 _d68250 |
||